000 01023 a2200229 4500
005 20080912121032.0
008 080912t xxu||||| |||| 00| 0 hin d
010 _aHIN-80730
020 _a8189435167
_c250.00
035 _aHN-53076
037 _bD.B.Act / pub
082 _a230.91
100 _aपिंजानी, प्रताप
245 _aतीर्थराज पुष्कर
_cप्रताप पिंजानी
246 _aTirathraj Pushkar
_bby Partap Pinjani
260 _aअजमेर
_bछवि पब्लिकेशन्स
_c2007
270 _aकचहरी रोड
_bअजमेर
300 _a192पृ
_c22 सेमी(सजिल्द)
650 _aReligion
942 _adpl
_cHN
_k230.91 / पिंजानी
_2ddc
_h230.91
_mपिंजानी
999 _c6975
_d6975